[Event "Quebec Montcalm op 6 2016-17"]
[Site "Quebec"]
[Date "2017.04.13"]
[Round "4"]
[White "Auger, Bertrand"]
[Black "Ripoll, Arthur"]
[Result "1/2-1/2"]
[WhiteElo "1945"]
[BlackElo "1663"]
[PlyCount "156"]
[EventDate "2017.03.23"]
[EventType "swiss"]
[EventRounds "5"]
[EventCountry "CAN"]
[SourceTitle "EXT 2022"]
[Source "ChessBase"]
[SourceDate "2021.10.06"]
[SourceVersion "1"]
[SourceVersionDate "2021.10.06"]
[SourceQuality "1"]

1. Nf3 Nf6 2. g3 e6 3. Bg2 Bc5 4. 0-0 0-0 5. d4 Bb6 6. c4 c6 7. Nc3 d5 8. b3 Ne4 9. Bb2 c5 10. dxc5 Bxc5 11. Na4 Be7 12. Qc2 Bf6 13. Nd4 Bd7 14. cxd5 exd5 15. Nc5 Nxc5 16. Qxc5 Be6 17. Rac1 Na6 18. Qc2 Qb6 19. Qd2 Qb4 20. Bc3 Qb6 21. e3 Qd6 22. Rfd1 Rfd8 23. Qe2 Qe7 24. Nc6 bxc6 25. Bxf6 Qxf6 26. Qxa6 Rdc8 27. Rxc6 Rxc6 28. Qxc6 Rc8 29. Qb5 g6 30. Qe2 Qf5 31. h4 Qc2 32. Qxc2 Rxc2 33. Bxd5 Bxd5 34. Rxd5 Rxa2 35. h5 Kg7 36. g4 Rb2 37. hxg6 hxg6 38. Rb5 a5 39. Kg2 Ra2 40. Kf3 a4 41. b4 Rb2 42. g5 a3 43. Ra5 a2 44. Kg3 a1Q 45. Rxa1 Rxb4 46. Ra7 Rb5 47. Kg4 Rb1 48. Ra8 Rg1+ 49. Kf4 Rg2 50. f3 Re2 51. e4 Re1 52. Rd8 Rh1 53. Rd7 Kf8 54. Ke5 Ra1 55. Rd5 Ra6 56. Rd6 Ra3 57. f4 Kg7 58. Rd8 Ra5+ 59. Rd5 Ra6 60. f5 gxf5 61. exf5 Ra7 62. Kd6 Ra6+ 63. Ke7 Ra7+ 64. Kd6 Ra6+ 65. Kc5 Ra5+ 66. Kc6 Ra6+ 67. Kb7 Ra1 68. Kc6 Ra6+ 69. Kd7 Ra7+ 70. Ke8 Ra8+ 71. Rd8 Ra5 72. g6 Re5+ 73. Kd7 Rd5+ 74. Ke7 Rxd8 75. gxf7 Ra8 76. f6+ Kg6 77. f8N+ Rxf8 78. Kxf8 Kxf6 1/2-1/2

[Event "Quebec Montcalm op 5 2016-17"]
[Site "Quebec"]
[Date "2017.03.16"]
[Round "5"]
[White "Ripoll, Arthur"]
[Black "Hines, Jason"]
[Result "0-1"]
[WhiteElo "1691"]
[BlackElo "1427"]
[PlyCount "70"]
[EventDate "2017.02.16"]
[EventType "swiss"]
[EventRounds "5"]
[EventCountry "CAN"]
[SourceTitle "EXT 2022"]
[Source "ChessBase"]
[SourceDate "2021.10.06"]
[SourceVersion "1"]
[SourceVersionDate "2021.10.06"]
[SourceQuality "1"]

1. e4 e5 2. Nf3 Nc6 3. Bc4 Be7 4. d4 exd4 5. 0-0 d6 6. Nxd4 Ne5 7. Bb3 Nf6 8. f4 Neg4 9. h3 c5 10. hxg4 cxd4 11. g5 Ng4 12. Ba4+ Bd7 13. Bxd7+ Qxd7 14. Qxd4 f6 15. Nc3 Qc7 16. Nd5 Qd7 17. Nxe7 Qxe7 18. Bd2 Rd8 19. Qxa7 Qf7 20. Qa4+ Ke7 21. gxf6+ Qxf6 22. Qb3 Qd4+ 23. Kh1 Qxd2 24. Qg3 h5 25. e5 Rh6 26. exd6+ Rdxd6 27. Rfe1+ Kf8 28. Qa3 Kg8 29. Qf3 Rhf6 30. Rf1 Qxc2 31. Rac1 Qxb2 32. Rc8+ Rf8 33. Rc7 b5 34. Qb7 Rd2 35. Qxb5 Qxb5 0-1

[Event "Quebec Montcalm op 3 2016-17"]
[Site "Quebec"]
[Date "2016.12.15"]
[Round "5"]
[White "Foucreault, Laurent"]
[Black "Ripoll, Arthur"]
[Result "0-1"]
[WhiteElo "1507"]
[BlackElo "1713"]
[PlyCount "58"]
[EventDate "2016.11.17"]
[EventType "swiss"]
[EventRounds "5"]
[EventCountry "CAN"]
[SourceTitle "EXT 2022"]
[Source "ChessBase"]
[SourceDate "2021.10.06"]
[SourceVersion "1"]
[SourceVersionDate "2021.10.06"]
[SourceQuality "1"]

1. d4 d5 2. Bf4 e6 3. Nf3 Bd6 4. Bg3 Ne7 5. e3 0-0 6. c3 c5 7. Nbd2 Nbc6 8. Bd3 Ng6 9. Qc2 b6 10. Ne5 Bb7 11. f4 Rc8 12. h4 cxd4 13. Nxc6 Rxc6 14. h5 dxe3 15. hxg6 exd2+ 16. Kxd2 fxg6 17. Rxh7 Kxh7 18. Bxg6+ Kg8 19. Bh7+ Kh8 20. Rh1 Bxf4+ 21. Bxf4 Rxf4 22. Bg8+ Kxg8 23. Qh7+ Kf8 24. Qg6 Qf6 25. Rh8+ Ke7 26. Qe8+ Kd6 27. Qb8+ Kc5 28. g3 Rf2+ 29. Ke3 Qf3# 0-1

[Event "Quebec Montcalm op 2 2016-17"]
[Site "Quebec"]
[Date "2016.11.10"]
[Round "5"]
[White "Ripoll, Arthur"]
[Black "Picard Fortin, Julien Pierre"]
[Result "1-0"]
[WhiteElo "1710"]
[BlackElo "1684"]
[PlyCount "85"]
[EventDate "2016.10.13"]
[EventType "swiss"]
[EventRounds "5"]
[EventCountry "CAN"]
[SourceTitle "EXT 2022"]
[Source "ChessBase"]
[SourceDate "2021.10.06"]
[SourceVersion "1"]
[SourceVersionDate "2021.10.06"]
[SourceQuality "1"]

1. e4 c5 2. Nf3 d6 3. d4 cxd4 4. Nxd4 Nf6 5. Nc3 e5 6. Nb3 a6 7. f3 Be6 8. Be3 d5 9. exd5 Nxd5 10. Nxd5 Bxd5 11. c4 Bb4+ 12. Kf2 Be6 13. Qxd8+ Kxd8 14. Bb6+ Ke7 15. a3 Nd7 16. Be3 Bd6 17. Na5 Nc5 18. b4 Nd7 19. Nxb7 Bc7 20. Rd1 Rab8 21. Nc5 Nxc5 22. Bxc5+ Ke8 23. Bd6 Bxd6 24. Rxd6 Ke7 25. c5 a5 26. b5 Bd7 27. a4 Rhc8 28. Rd5 Be6 29. Rxe5 f6 30. Re4 Rxc5 31. Bd3 Rd8 32. Rhe1 Re5 33. Rxe5 fxe5 34. Bxh7 Kf6 35. Bc2 Bc4 36. Ke3 Rc8 37. Bd1 Rd8 38. Bc2 Rc8 39. Rc1 Bb3 40. Kd2 Rd8+ 41. Kc3 Bxc2 42. Rxc2 Rd4 43. b6 1-0

[Event "Quebec Montcalm op 7 2015-16"]
[Site "Quebec"]
[Date "2016.05.26"]
[Round "5"]
[White "Leblanc Legault, Mathieu"]
[Black "Ripoll, Arthur"]
[Result "0-1"]
[WhiteElo "1600"]
[BlackElo "1689"]
[PlyCount "93"]
[EventDate "2016.04.28"]
[EventType "swiss"]
[EventRounds "5"]
[EventCountry "CAN"]
[SourceTitle "EXT 2022"]
[Source "ChessBase"]
[SourceDate "2021.10.06"]
[SourceVersion "1"]
[SourceVersionDate "2021.10.06"]
[SourceQuality "1"]

1. d4 d5 2. e3 Nf6 3. Nf3 e6 4. c4 c6 5. Be2 Be7 6. 0-0 0-0 7. a3 dxc4 8. Bxc4 c5 9. dxc5 Bxc5 10. b4 Bd6 11. Bb2 Qc7 12. Nbd2 a6 13. Rc1 Nc6 14. Qc2 Qb8 15. Ba2 Ne5 16. Bb1 b5 17. Ng5 Ng6 18. h4 Bh2+ 19. Kh1 Be5 20. Bxe5 Qxe5 21. Ndf3 Qd6 22. Rfd1 Qe7 23. e4 h6 24. e5 Nh5 25. Nh3 Bb7 26. Rd4 Rac8 27. Qd2 Rxc1+ 28. Qxc1 Bxf3 29. Bxg6 Bxg2+ 30. Kxg2 fxg6 31. Qc6 Qf7 32. Rd6 Nf4+ 33. Nxf4 Qxf4 34. f3 Qxh4 35. Rxe6 Qg5+ 36. Kf2 Qd2+ 37. Kg3 Qe1+ 38. Kg2 Qe2+ 39. Kg3 Qe1+ 40. Kg2 Qd2+ 41. Kg3 Kh7 42. Qe4 Rf5 43. f4 Qc3+ 44. Qf3 Qe1+ 45. Kg2 Rh5 46. Qf1 Rh2+ 47. Kg1 0-1

[Event "Quebec Montcalm op 6 2015-16"]
[Site "Quebec"]
[Date "2016.04.07"]
[Round "3"]
[White "Ripoll, Arthur"]
[Black "Lacerte, Kevin"]
[Result "1-0"]
[WhiteElo "1677"]
[BlackElo "1509"]
[PlyCount "53"]
[EventDate "2016.03.24"]
[EventType "swiss"]
[EventRounds "5"]
[EventCountry "CAN"]
[SourceTitle "EXT 2022"]
[Source "ChessBase"]
[SourceDate "2021.10.06"]
[SourceVersion "1"]
[SourceVersionDate "2021.10.06"]
[SourceQuality "1"]

1. e4 c5 2. Nf3 d6 3. d4 cxd4 4. Nxd4 Nf6 5. Nc3 a6 6. f3 h5 7. Be3 e5 8. Nb3 Be6 9. Qd2 Nbd7 10. Be2 b5 11. 0-0-0 Nb6 12. Na5 Nc4 13. Nxc4 bxc4 14. Nd5 Bxd5 15. exd5 Qc7 16. Qc3 Rc8 17. h3 h4 18. Rhg1 Nh5 19. g4 hxg3 20. f4 Nxf4 21. Bg4 Rb8 22. Rxg3 f5 23. Bf3 Rh4 24. Re1 Kd8 25. Rg5 e4 26. Rxf5 Qb7 27. Rxf8+ 1-0

[Event "Quebec Montcalm op 5 2015-16"]
[Site "Quebec"]
[Date "2016.03.17"]
[Round "5"]
[White "Stoyanova, Stela"]
[Black "Ripoll, Arthur"]
[Result "1/2-1/2"]
[WhiteElo "1453"]
[BlackElo "1652"]
[PlyCount "104"]
[EventDate "2016.02.18"]
[EventType "swiss"]
[EventRounds "5"]
[EventCountry "CAN"]
[SourceTitle "EXT 2022"]
[Source "ChessBase"]
[SourceDate "2021.10.06"]
[SourceVersion "1"]
[SourceVersionDate "2021.10.06"]
[SourceQuality "1"]

1. Nf3 Nf6 2. c4 c6 3. g3 e6 4. d3 d5 5. cxd5 exd5 6. Bg2 Bc5 7. d4 Bd6 8. 0-0 0-0 9. Nc3 Bg4 10. Ne5 Bf5 11. f3 Bxe5 12. dxe5 Nfd7 13. e4 dxe4 14. fxe4 Be6 15. Qh5 Qa5 16. Bf4 Qb6+ 17. Kh1 Qxb2 18. Nd5 cxd5 19. exd5 g6 20. Qg5 Bf5 21. Rae1 f6 22. Qh6 Nxe5 23. Bxe5 fxe5 24. g4 Qb6 25. Rxe5 Qf6 26. Re6 Qg7 27. Qxg7+ Kxg7 28. gxf5 gxf5 29. d6 Nc6 30. Bxc6 bxc6 31. Kg1 Kf7 32. Re7+ Kf6 33. Rxh7 Rfd8 34. Rh6+ Ke5 35. Re1+ Kd5 36. d7 c5 37. Rf6 a5 38. Rxf5+ Kc6 39. Rc1 Kxd7 40. Rcxc5 a4 41. Ra5 Ke6 42. Rxa8 Rxa8 43. Rf2 Ke5 44. Kg2 Rg8+ 45. Kf3 Rh8 46. Re2+ Kf5 47. Ke3 Ke5 48. Kd3+ Kd5 49. Kc3 Kc5 50. Rg2 Rh3+ 51. Kb2 Kc4 52. Rg4+ Kb5 1/2-1/2

[Event "Quebec Montcalm op 5 2015-16"]
[Site "Quebec"]
[Date "2016.03.03"]
[Round "3"]
[White "Ripoll, Arthur"]
[Black "Plante, Rejean"]
[Result "0-1"]
[WhiteElo "1652"]
[BlackElo "2134"]
[PlyCount "123"]
[EventDate "2016.02.18"]
[EventType "swiss"]
[EventRounds "5"]
[EventCountry "CAN"]
[SourceTitle "EXT 2022"]
[Source "ChessBase"]
[SourceDate "2021.10.06"]
[SourceVersion "1"]
[SourceVersionDate "2021.10.06"]
[SourceQuality "1"]

1. e4 c5 2. Nf3 d6 3. d4 cxd4 4. Nxd4 Nf6 5. Nc3 a6 6. f3 e5 7. Nb3 Be6 8. Be3 Nbd7 9. Qd2 b5 10. g4 Nb6 11. g5 Nfd7 12. Na5 Qc7 13. Nd5 Bxd5 14. exd5 Rc8 15. 0-0-0 Nxd5 16. Bf2 Nb4 17. Nc4 Nxa2+ 18. Kb1 bxc4 19. Kxa2 c3 20. Qxc3 Qxc3 21. bxc3 Rxc3 22. Bd3 Be7 23. Be1 Rc6 24. Be4 Rc8 25. Bf5 g6 26. Be4 0-0 27. h4 Nc5 28. Bd5 Rb8 29. Bg3 Na4 30. Rd3 Rfc8 31. c4 Nb6 32. Rb3 Nxd5 33. cxd5 Rc2+ 34. Ka3 Rxb3+ 35. Kxb3 Rd2 36. Rc1 Rxd5 37. Rc7 Rd3+ 38. Kc4 Rxf3 39. Bxe5 dxe5 40. Rxe7 Rf4+ 41. Kd5 Rxh4 42. Kxe5 Kg7 43. Ra7 Ra4 44. Rb7 Ra5+ 45. Kf4 Rf5+ 46. Kg4 h6 47. gxh6+ Kxh6 48. Ra7 a5 49. Ra8 Rb5 50. Rh8+ Kg7 51. Ra8 Rb4+ 52. Kg3 a4 53. Ra6 f5 54. Kf3 Kh6 55. Kg3 Kg5 56. Ra5 Rb3+ 57. Kg2 a3 58. Ra4 f4 59. Kf2 Kg4 60. Kg2 Rb2+ 61. Kf1 a2 62. Rxf4+ 0-1

[Event "Quebec Montcalm op 4 2015-16"]
[Site "Quebec"]
[Date "2016.02.11"]
[Round "5"]
[White "Lachance, Norbert"]
[Black "Ripoll, Arthur"]
[Result "1-0"]
[WhiteElo "1739"]
[BlackElo "1704"]
[PlyCount "41"]
[EventDate "2016.01.14"]
[EventType "swiss"]
[EventRounds "5"]
[EventCountry "CAN"]
[SourceTitle "EXT 2022"]
[Source "ChessBase"]
[SourceDate "2021.10.06"]
[SourceVersion "1"]
[SourceVersionDate "2021.10.06"]
[SourceQuality "1"]

1. d4 d5 2. Nf3 Nf6 3. Bg5 e6 4. e3 Nbd7 5. c4 c6 6. Nc3 Be7 7. Bd3 dxc4 8. Bxc4 b5 9. Bd3 a6 10. 0-0 c5 11. Bxf6 Nxf6 12. dxc5 Bxc5 13. Ne4 Bb6 14. Nxf6+ Qxf6 15. Be4 Rb8 16. Bc6+ Ke7 17. Qd2 Qf5 18. Rac1 f6 19. Qb4+ Kf7 20. Qd6 Bb7 21. Qd7+ 1-0

[Event "Quebec Montcalm op 4 2015-16"]
[Site "Quebec"]
[Date "2016.01.21"]
[Round "2"]
[White "Ripoll, Arthur"]
[Black "Cummins, Paul"]
[Result "0-1"]
[WhiteElo "1704"]
[BlackElo "1719"]
[PlyCount "115"]
[EventDate "2016.01.14"]
[EventType "swiss"]
[EventRounds "5"]
[EventCountry "CAN"]
[SourceTitle "EXT 2022"]
[Source "ChessBase"]
[SourceDate "2021.10.06"]
[SourceVersion "1"]
[SourceVersionDate "2021.10.06"]
[SourceQuality "1"]

1. e4 e6 2. d4 c5 3. Nf3 cxd4 4. Nxd4 Nc6 5. Nb5 a6 6. Nd6+ Bxd6 7. Qxd6 Nge7 8. Bd3 0-0 9. 0-0 b5 10. Be3 Bb7 11. Nd2 Qb8 12. Qc5 f5 13. f4 d5 14. e5 Qe8 15. Nb3 Qg6 16. Qb6 Nd8 17. Na5 Bc6 18. Qc5 Re8 19. a4 d4 20. Nxc6 Ndxc6 21. Bxd4 b4 22. a5 Red8 23. Bf2 Rd5 24. Qb6 Qe8 25. Bh4 Nc8 26. Qe3 Nxa5 27. Qf3 Nb6 28. Bf2 Nbc4 29. Bxc4 Nxc4 30. Be3 Qc6 31. b3 Nxe3 32. Qxe3 Rad8 33. Rf2 Rd1+ 34. Rf1 Rxf1+ 35. Kxf1 Qxc2 36. Re1 Rd1 37. Rxd1 Qxd1+ 38. Kf2 Qc2+ 39. Kf1 Qc7 40. Kf2 a5 41. Qd3 Kf7 42. Qb5 Ke7 43. Kf1 Qc1+ 44. Kf2 Qxf4+ 45. Ke1 Qc1+ 46. Kf2 Qc7 47. Kf1 Qa7 48. Ke2 f4 49. Qc4 Qe3+ 50. Kf1 Qxe5 51. Qa6 Kf6 52. Qc8 Qd6 53. Qa8 Qd1+ 54. Kf2 Qxb3 55. Qf8+ Kg6 56. Qxf4 Qc2+ 57. Kf1 Qf5 58. g3 0-1

[Event "Montcalm I 2015-16"]
[Site "Quebec"]
[Date "2015.10.01"]
[Round "4"]
[White "Sarra Bournet, Marc"]
[Black "Ripoll, Arthur"]
[Result "1/2-1/2"]
[WhiteElo "1606"]
[BlackElo "1714"]
[PlyCount "96"]
[EventDate "2015.09.10"]
[EventType "tourn"]
[EventRounds "5"]
[EventCountry "CAN"]
[SourceTitle "EXT 2019"]
[Source "ChessBase"]
[SourceDate "2018.10.10"]
[SourceVersion "1"]
[SourceVersionDate "2018.10.10"]
[SourceQuality "1"]

1. e4 e5 2. Nf3 Nc6 3. Bb5 Nd4 4. Bc4 Nxf3+ 5. Qxf3 Qf6 6. Qxf6 Nxf6 7. d3 Bc5 8. Bg5 Ng4 9. Bh4 d6 10. h3 Nh6 11. Nc3 c6 12. Bg5 Ng8 13. a3 a6 14. 0-0-0 b5 15. Ba2 b4 16. axb4 Bxb4 17. Na4 Rb8 18. d4 f6 19. Be3 exd4 20. Rxd4 Bd7 21. c3 c5 22. Rxd6 Bxa4 23. cxb4 cxb4 24. Be6 Bb5 25. Rhd1 Ne7 26. Bb6 Nc6 27. Bd7+ Kf7 28. Bxc6 Rbc8 29. b3 Bxc6 30. Kb2 Bxe4 31. Rd7+ Kg6 32. R1d2 Bxg2 33. h4 h5 34. R2d4 Rc6 35. Rxb4 Rb8 36. Ba5 Rxb4 37. Bxb4 Re6 38. Bf8 Re2+ 39. Kc3 Rxf2 40. Rxg7+ Kf5 41. Bd6 Bf1 42. b4 Rg2 43. Rxg2 Bxg2 44. Be7 Ke5 45. Kd3 f5 46. Ke3 Bf1 47. Bg5 Bb5 48. Bh6 Bc6 1/2-1/2

[Event "Montcalm VII 2014-15"]
[Site "Quebec"]
[Date "2015.05.28"]
[Round "5"]
[White "Stoyanova, Stela"]
[Black "Ripoll, Arthur"]
[Result "1-0"]
[WhiteElo "1292"]
[BlackElo "1777"]
[PlyCount "107"]
[EventDate "2015.04.30"]
[EventType "swiss"]
[EventRounds "5"]
[EventCountry "CAN"]
[SourceTitle "EXT 2019"]
[Source "ChessBase"]
[SourceDate "2018.10.10"]
[SourceVersion "1"]
[SourceVersionDate "2018.10.10"]
[SourceQuality "1"]

1. c4 Nf6 2. Nc3 e6 3. d4 Bb4 4. Bg5 h6 5. Bxf6 Qxf6 6. e3 c5 7. Nf3 Nc6 8. Be2 cxd4 9. Nxd4 0-0 10. 0-0 Bxc3 11. bxc3 Nxd4 12. cxd4 b6 13. f4 Rd8 14. e4 Bb7 15. e5 Qg6 16. d5 Qe4 17. Qd2 exd5 18. Rac1 d6 19. Bf3 Qf5 20. Rfe1 dxe5 21. Rxe5 Qf6 22. cxd5 Rd7 23. Qe3 Rad8 24. Re8+ Kh7 25. Rxd8 Qxd8 26. Qd3+ Kg8 27. Rd1 Qf6 28. Qd4 Qxd4+ 29. Rxd4 f5 30. Kf2 Kf7 31. h3 Ke7 32. g4 fxg4 33. d6+ Kd8 34. Bxg4 Rf7 35. Ke3 Rf6 36. h4 Rg6 37. f5 Rf6 38. Kf4 Kd7 39. Ke5 Bc6 40. Be2 b5 41. Bd3 Rf8 42. Kf4 Re8 43. Bc2 Kc8 44. a4 a6 45. Bb3 Bd7 46. axb5 axb5 47. Rd5 Kb7 48. Rc5 Bc6 49. Be6 b4 50. Bd5 Bxd5 51. Rxd5 Kc6 52. Rd2 b3 53. Rb2 Kxd6 54. Rxb3 1-0

[Event "Montcalm VII 2014-15"]
[Site "Quebec"]
[Date "2015.05.07"]
[Round "2"]
[White "Gingras, Philippe"]
[Black "Ripoll, Arthur"]
[Result "1-0"]
[WhiteElo "1654"]
[BlackElo "1777"]
[PlyCount "41"]
[EventDate "2015.04.30"]
[EventType "swiss"]
[EventRounds "5"]
[EventCountry "CAN"]
[SourceTitle "EXT 2019"]
[Source "ChessBase"]
[SourceDate "2018.10.10"]
[SourceVersion "1"]
[SourceVersionDate "2018.10.10"]
[SourceQuality "1"]

1. d4 e5 2. dxe5 Nc6 3. Nf3 Qe7 4. Nc3 Nxe5 5. e4 c6 6. Bf4 d6 7. Qd2 f5 8. 0-0-0 Nf6 9. exf5 Bxf5 10. Nxe5 dxe5 11. Re1 e4 12. f3 Qd7 13. Qe3 Bb4 14. fxe4 Bg6 15. Bc4 Bf7 16. e5 Ng4 17. e6 Nxe3 18. exd7+ Kxd7 19. Bxf7 Bxc3 20. Rxe3 Bf6 21. Rd1+ 1-0

[Event "Quebec Montcalm op 2 2014-15"]
[Site "Quebec"]
[Date "2014.10.16"]
[Round "2"]
[White "Ripoll, Arthur"]
[Black "Cummins, Paul"]
[Result "0-1"]
[WhiteElo "1744"]
[BlackElo "1743"]
[PlyCount "68"]
[EventDate "2014.10.09"]
[EventType "swiss"]
[EventRounds "5"]
[EventCountry "CAN"]
[SourceTitle "EXT 2022"]
[Source "ChessBase"]
[SourceDate "2021.10.06"]
[SourceVersion "1"]
[SourceVersionDate "2021.10.06"]
[SourceQuality "1"]

1. d4 e6 2. c4 Nf6 3. Nc3 d5 4. Bg5 c6 5. Nf3 Nbd7 6. e3 Qa5 7. a3 Ne4 8. Qc2 Nxg5 9. Nxg5 dxc4 10. f4 b5 11. Rd1 h6 12. Nf3 Bb7 13. f5 0-0-0 14. Kf2 Nf6 15. fxe6 fxe6 16. Be2 Ng4+ 17. Kg1 Nxe3 18. Qe4 Nxd1 19. Qxe6+ Kb8 20. Bxd1 Bd6 21. Kf2 Rhe8 22. Qg6 c5 23. d5 b4 24. Ne4 Qc7 25. Ba4 Rf8 26. Rd1 Bc8 27. Nxd6 Rxd6 28. Qc2 c3 29. bxc3 c4 30. axb4 Qb6+ 31. Kf1 g5 32. Ke2 Bf5 33. Qa2 Bd3+ 34. Ke1 Qe3+ 0-1

[Event "Quebec Montcalm op 6 2013-14"]
[Site "Quebec"]
[Date "2014.04.04"]
[Round "3"]
[White "Boulianne, Gabriel"]
[Black "Ripoll, Arthur"]
[Result "1-0"]
[WhiteElo "1765"]
[BlackElo "1700"]
[PlyCount "55"]
[EventDate "2014.03.20"]
[EventType "swiss"]
[EventRounds "5"]
[EventCountry "CAN"]
[SourceTitle "EXT 2022"]
[Source "ChessBase"]
[SourceDate "2021.10.06"]
[SourceVersion "1"]
[SourceVersionDate "2021.10.06"]
[SourceQuality "1"]

1. e4 e5 2. Nf3 Nc6 3. Bb5 f5 4. exf5 e4 5. Bxc6 dxc6 6. Ne5 Nf6 7. 0-0 Bxf5 8. Nc3 Bd6 9. d4 exd3 10. Nxd3 Bxh2+ 11. Kxh2 Ng4+ 12. Kg3 h5 13. Re1+ Kf8 14. Bf4 h4+ 15. Kf3 Qd4 16. Qd2 g5 17. Be3 Nh2+ 18. Ke2 Qg4+ 19. f3 Qxg2+ 20. Kd1 Qxf3+ 21. Kc1 Nf1 22. Bc5+ Kg7 23. Qxg5+ Bg6 24. Re7+ Qf7 25. Rxf7+ Kxf7 26. Ne5+ Ke6 27. Qxg6+ Kxe5 28. Qe4+ 1-0

[Event "Quebec Montcalm op 4 2013-14"]
[Site "Quebec"]
[Date "2014.01.30"]
[Round "4"]
[White "Dumont, Eric"]
[Black "Ripoll, Arthur"]
[Result "1/2-1/2"]
[WhiteElo "1652"]
[BlackElo "1677"]
[PlyCount "54"]
[EventDate "2014.01.09"]
[EventType "swiss"]
[EventRounds "5"]
[EventCountry "CAN"]
[SourceTitle "EXT 2022"]
[Source "ChessBase"]
[SourceDate "2021.10.06"]
[SourceVersion "1"]
[SourceVersionDate "2021.10.06"]
[SourceQuality "1"]

1. d4 d5 2. Bf4 Nf6 3. Nf3 e6 4. e3 c5 5. c3 Qb6 6. Qb3 Nc6 7. Nbd2 Be7 8. h3 0-0 9. Be2 h6 10. Ne5 Nd7 11. Ndf3 cxd4 12. exd4 Qxb3 13. axb3 Bf6 14. Bb5 Ncxe5 15. Nxe5 Nxe5 16. dxe5 Be7 17. Be3 a6 18. b4 Rb8 19. Ba7 Ra8 20. Bb6 f6 21. Bc7 fxe5 22. Bxe5 Kh8 23. 0-0 Bf6 24. Bd6 Rd8 25. Bc7 Rf8 26. Bd6 Rd8 27. Bc7 Rf8 1/2-1/2